Responses for Show #4528 - Wednesday, April 21, 2004

Tom Baker game 1.
Tribute to recently deceased writer Steven Dorfman.

Contestants

[<< previous game]

Wendy Ruopp, a managing editor from Milton, Vermont

Tom Baker, a writer from Tokyo, Japan

David Abolafia, a writer from Fishkill, New York (whose 2-day cash winnings total $42,000)

[next game >>]

Jeopardy! Round responses

THIS CATEGORY IS GONNA TANK
I'M GUS, I'LL BE YOUR KING OF SWEDEN
APPROXIMATE WEIGHTS & MEASURES
MONTREAL EXPOSE
THE MOVIES: BUT WEIGHT, THERE'S MORE
I'M HAVING CONTRACTIONS
(Alex: This is a weird board!)
    $200 21
rise

David
    $200 1
Stockholm

David
    $200 26
scoops

David
    $200 16
(David: What is a dome?)

bell

DavidTom
    $200 8
Robert De Niro

David
    $200 6
y'all

Tom
    $400 22
Sherman tank

David
    $400 2
the Nobel Prizes

David
    $400 27
bundle

Tom
    $400 17
noon

Triple Stumper
    $400 12
Tom Hanks

David
    $400 7
o'er (the hills we go)

Wendy
    $600 23
septic tank

David
    $600 3
Napoleon

David
    $600 28
snatch

David
    $600 18
Cirque du Soleil

Tom
    $600 13
Charlize Theron

David
    $600 9
ne'er-do-well

David
    $800 24
fish tanks

Tom
    $800 4
Olof Palme

Tom
    $800 29
clutch

Tom
    $800 19
Laughs

Tom
    $800 14
Sean Astin

David
    $2,000 10
Don't (Tread on Me)

David
    $1000 25
(Alex: With a minute to go.)

Jacques Cousteau

David
    $1000 5
(Queen) Christina

Tom
    $1000 30
block/bloc

David
    $1000 20
(Frederick Law) Olmsted

Tom
    $1000 15
Sylvester Stallone

Tom
    $1000 11
Who's (Who)

Tom

Scores at the first commercial break (after clue 15):

David Tom Wendy
$5,800 $4,000 $400

Scores at the end of the Jeopardy! Round:

David Tom Wendy
$9,600 $8,600 $400

Double Jeopardy! Round responses

TOO MUCH TIME ON THEIR HANDS
POPE-ULARITY CONTEST
FILING CHAPTER 11
HUGHS & CRIES
THEY SOUND LIKE BEFORE & AFTERS
B.C.'n YOU
    $400 26
feathers

David
    $400 14
(Alex: Of course!)

St. Peter's

David
    $400 21
Around the World in Eighty Days

David
    $400 2
Hugh M. Hefner

Triple Stumper
    $400 1
Arthur Conan Doily

David
    $400 7
acupuncture

Tom
    $800 28
Rock

Wendy
    $800 17
(Alex: Pope Pius XII.)

the 1940s

Tom
    $800 22
Great Expectations

David
    $800 3
Hugh Grant

David
    $800 10
Wayne Gretzky poles

David
    $800 8
carpets

Tom
    $1200 29
earrings

David
    $1200 18
encyclicals

Tom
    $1200 23
(David: What is "The Man in the Iron Mask?")

The Three Musketeers

DavidWendy
    $1200 4
Hugh Jackman

David
    $1200 11
Marcel Marceau-ing machine

David
    $1200 9
Sappho

David
    $2,200 27
cell phone

David
    $1600 19
November 1

David
    $3,000 24
(Wendy: What is... Tom Sawyer?)
...
(Alex: Less than a minute to go now, Wendy.)

The Jungle

Wendy
    $1600 5
Hugh Downs

Wendy
    $1600 12
dromedary maid

David
    $1600 15
Crete

David
    $2000 30
(David: What is rugby?)

cricket

DavidTom
    $2000 20
the Vulgate Bible

Tom
    $2000 25
East of Eden

Wendy
    $2000 6
(Alex: You guys too young to remember that? You are, aren't you?)

Hugh O'Brian

Triple Stumper
    $2000 13
Charlemagne Street

Tom
    $2000 16
the Olmecs

Tom

Scores at the end of the Double Jeopardy! Round:

David Tom Wendy
$22,200 $19,800 $3,000

[wagering suggestions for these scores]

Final Jeopardy! Round responses

19th CENTURY ART & HISTORY
(Alex: Steven wrote the Final Jeopardy! clue, and here it is.)
WendyWhat is Krakatoa?
$100
TomWhat is Krakatoa?
$18,000
DavidWhat is Mt. Fuji?
$17,400
Krakatoa

Final scores:

David Tom Wendy
$4,800 $37,800 $3,100
2nd place: $2,000 New champion: $37,800 3rd place: $1,000

Game dynamics:

Coryat scores:

David Tom Wendy
$20,400 $19,800 $6,000
31 R
(including 2 DDs),
3 W
20 R,
0 W
5 R,
1 W
(including 1 DD)

Combined Coryat: $46,200

[game clues] [game scores] [suggest correction]

Game tape date: 2004-02-03
The J! Archive is created by fans, for fans. Scraping, republication, monetization, and malicious use prohibited; this site may use cookies and collect identifying information. See terms. The Jeopardy! game show and all elements thereof, including but not limited to copyright and trademark thereto, are the property of Jeopardy Productions, Inc. and are protected under law. This website is not affiliated with, sponsored by, or operated by Jeopardy Productions, Inc. Join the discussion at JBoard.tv.